Highest Goalscorers in La Liga Since 2000 - Statistics

General Stats
  • This quiz has been taken 469 times
    254 since last reset
  • The average score is 17 of 30
Answer Stats
# Goals Games Club(s) Nat. Years Answer % Correct
2 311 292 Real Madrid 🇵🇹 2009-2018 Cristiano Ronaldo
100%
1 474 520 Barcelona 🇦🇷 2004-2021 Lionel Messi
100%
4 198 530 Atlético Madrid, Real Sociedad, Barcelona 🇫🇷 2010- Antoine Griezmann
99%
3 238 439 Real Madrid 🇫🇷 2009-2023 Karim Benzema
99%
26 83 127 Real Madrid 🇧🇷 2002-2007 Ronaldo
99%
6 179 258 Barcelona, Atlético Madrid 🇺🇾 2014-2022 Luis Suárez
98%
10 144 368 Real Madrid 🇪🇸 1999-2010 Raúl González
93%
5 185 352 Valencia, Barcelona, Real Zaragoza, Atlético Madrid 🇪🇸 2003-2014 David Villa
88%
8 162 277 Barcelona, Real Mallorca 🇨🇲 1999-2009 Samuel Eto'o
83%
13 128 240 Atlético Madrid, Villarreal 🇺🇾 2004-2011 Diego Forlán
77%
7 166 387 Celta Vigo, Sevilla 🇪🇸 2012-'13, 2014- Iago Aspas
77%
29 81 176 Real Madrid 🏴󠁧󠁢󠁷󠁬󠁳󠁿 2013-'20, 2021-'22 Gareth Bale
74%
18 107 190 Real Madrid 🇦🇷 2006-2013 Gonzalo Higuaín
69%
19 102 281 Atlético Madrid 🇪🇸 2002-'07, 2014-'18 Fernando Torres
66%
28 82 377 Athletic Bilbao 🇬🇭 2014- Iñaki Williams
62%
9 158 443 Athletic Bilbao, Real Mallorca, Valencia 🇪🇸 2002-'03, 2005-'20 Aritz Aduriz
54%
15 121 321 Villarreal, Espanyol 🇪🇸 2014- Gerard Moreno
45%
25 85 315 Real Sociedad 🇪🇸 2015- Mikel Oyarzabal
45%
20 100 205 Deportivo La Coruña 🇳🇱 1999-2003 Roy Makaay
44%
30 81 267 Real Sociedad, Real Betis, Las Palmas, Real Madrid 🇧🇷 2013-'14, 2015-'24 Willian José
36%
17 111 325 Girona, Espanyol, Racing Santander, Levante 🇺🇾 2010-'15, 2017-'19, 2022- Cristhian Stuani
35%
14 128 361 Sevilla, Cádiz, Almeria, Valencia 🇪🇸 2007-'13, 2014-'16, 2020-'24 Alvaro Negredo
32%
23 89 209 Sevilla 🇲🇱 2005-2012 Frédéric Kanouté
28%
16 112 609 Athletic Bilbao, Atlético Madrid, Osasuna 🇪🇸 2004-2024 Raúl García
28%
12 129 325 Valencia, Getafe, Granada, Villarreal, Real Madrid, Osasuna, Levante 🇪🇸 2005-'13, 2015-'17, 2019-'22 Roberto Soldado
28%
24 87 285 Athletic Bilbao, Sevilla 🇪🇸 2004-'13, 2015-'16 Fernando Llorente
24%
11 137 372 Espanyol, Rayo Vallecano, Real Sociedad 🇪🇸 1999-2013 Raúl Tamudo
17%
21 95 226 Deportivo La Coruña, Real Mallorca 🇪🇸 1999-2007 Diego Tristán
14%
27 82 279 Osasuna, Deportivo La Coruña, Espanyol, Real Mallorca 🇺🇾 2000-2012 Walter Pandiani
11%
22 93 282 Real Betis, Las Palmas, Deportivo La Coruña, Albacete, Gimnàstic Tarragona, Racing Santander 🇪🇸 2000-'02, 2004-'08, 2011-'14, 2015-'18 Rubén Castro
10%
No matching quizzes found
Score Distribution
Percent of People with Each Score
Percentile by Number Answered
Your Score History
You have not taken this quiz since the last reset